000 00742nam a22002297a 4500
999 _c19803
_d19803
003 AR-CdUCM
008 190522b ||||| |||| 00| 0 spa d
040 _aMUNICIPALIDAD PROVINCIAL DEL CUSCO
_cBIBLIOTECA MUNICIPAL DEL CUSCO
082 _a523.1 /
_bB58
110 _aBiblioteca fundamental Ariel
_941415
245 _aEstrellas y planetas /
260 _aBogotá :
_bAriel,
_c1976.
300 _a62 páginas ;
_bImágenes, gráficos
_c23 cm
440 _aBiblioteca fundamental Ariel
_n11
_941416
505 _aContenido : La rotación de la tierra -- Las estrellas...
650 _aEstrellas
_920571
650 _aEl sol
_935112
650 _aAstronomía
_920572
650 _aAstrología
_97684
942 _2ddc
_cLIBROS
945 _arcc